Soledadbrother y otros poemas /

Gorde:
Xehetasun bibliografikoak
Egile nagusia: Payeras, Javier 1974-
Formatua: Liburua
Hizkuntza:Spanish
Argitaratua: Guatemala : Editorial Cultura, 2003.
Saila:Colección Poesía Guatemalteca. Serie Rafael Landívar ; no. 37
Gaiak:
Etiketak: Etiketa erantsi
Etiketarik gabe, Izan zaitez lehena erregistro honi etiketa jartzen!

MARC

LEADER 00000cam a22000007a 4500
001 135754
005 20170828113046.0
008 041022s2003 sp 000 0 spa
040 |a DLC-HL  |c CIICLA-UCR 
082 0 4 |a G861.5  |b P344s 
100 1 |a Payeras, Javier  |9 179  |d 1974- 
245 1 0 |a Soledadbrother y otros poemas /  |c Javier Payeras. 
260 |a Guatemala :  |b Editorial Cultura,  |c 2003. 
300 |a 79 páginas ;  |c 22 cm. 
490 1 |a Colección Poesía Guatemalteca. Serie Rafael Landívar ;  |v no. 37 
500 |a Autografiado por Javier Payeras (portada) 
650 7 |9 46  |a LITERATURA GUATEMALTECA  |x POESIA 
942 |2 ddc  |c BK 
999 |c 21722  |d 21722